=LDR 00000nam 2200000 4500 =001 INLIS000000000026709 =005 20210421071147 =035 ##$$a 0010-061300000026709 =008 210421################g##########0#ind## =041 ##$$a ind =082 ##$$a 338.9 =090 ##$$a 338.9, SUM p =100 ##$$a Sumawinata, Sarbini =245 1#$$a Politik ekonomi kerakyatan /$c Prof. Sarbini Sumawinata =260 ##$$a Jakarta :$b Gramedia Pustaka Utama,$c 2004 =300 ##$$a xiii, 313 hlm ; $c 23 x 15 cm. =650 #4$$a Politik Ekonomi =850 ##$$a NBPNMAT =020 ##$$a 979-22-0829-1 =084 ##$$a 338.9 SUM p =990 ##$$a 20702221 =990 ##$$a 1200701671 =990 ##$$a 16871687 =990 ##$$a 20702220 =990 ##$$a 20702221 =990 ##$$a 1200701671